Statistics for Name The Colors of the Rainbow in 15 Seconds

Click here to take the quiz!

General Stats

  • This quiz has been taken 22 times
  • The average score is 6 of 7

Answer Stats

Colors of the Rainbow% Correct
red
100%
yellow
94%
blue
83%
orange
83%
green
78%
violet
78%
indigo
72%

Score Distribution

Percentile by Number Answered

Percent of People with Each Score

Your Score History

You have not taken this quiz